'L' Vocabulary (Hard) Quiz Stats

 Plays Quiz Updated Dec 3, 2016

Support Sporcle.
Go Orange.
Score 0/25 Timer 09:00
1 Play Today
% Correct
lapel
89.2%
lozenge
89.1%
lectern
85.2%
lepidopterist
85.2%
liverwurst
82.9%
loquacious
82%
lenient
80.3%
laggard
77.6%
latent
77%
liniment
75.4%
lackadaisical
71.9%
leviathan
71.2%
lamprey
66.1%
% Correct
lycanthrope
64.9%
laconic
63.4%
liverwort
61.3%
logomachy
58.8%
leach
56%
luthier
55.8%
lubber
54.4%
loris
54.2%
langur
48.7%
luciferous
42.7%
leghorn
32%
lemniscate
28.7%

You're not logged in!

Compare scores with friends on all Sporcle quizzes.
OR
Log In

From the Vault

US Presidents with Presidential VPs

by rer2121

Maybe they just really didn't want to leave the White House.
Remove Ads.
Support Sporcle.
Get the best of Sporcle when you Go Orange. This ad-free experience offers more features, more stats, and more fun while also helping to support Sporcle. Thank you for becoming a member.

Show Comments

Extras

Top Quizzes Today


Score Distribution

Your Account Isn't Verified!

In order to create a playlist on Sporcle, you need to verify the email address you used during registration. Go to your Sporcle Settings to finish the process.

Report this User

Report this user for behavior that violates our Community Guidelines.

Details: